000 00349cam a2200145ua 4500
041 _aeng
_h
082 _a823.301
_bTRA/IN
100 _aTravis, I M .
245 _aIn the village /
_cI M travis.
_hTextual Documents
260 _aLondon :
_bLongaman Green and Co ,
_c1960.
300 _a16 ; .
504 _a
942 _cBK
999 _c2369
_d2369